00698nam a2200217Ia 4500003000900000008004100009020001800050040001600068080001700084245007200101260003300173300001400206650001900220650001600239650003000255700003000285700002500315942000700340999001500347952011800362IN-BaIIA211028s9999 xx 000 0 eng d a0-12-184803-5 cIIA Library a530.1bESS-3 0aEssays in physicsbvol. 3cedited by G. K. T. Conn and G. N. Fowler aLondonbAcademic Pressc1971 aix, 169p. aNASA thesaurus aPhysics973 aTheoretical physics91581 aConn, G. K. T., ed.97376 aFolwler, G. N.97377 cBK c4199d4199 00104070aBANbBANcGENd1973-04-23g33.25l0o530.1/ ESS-3p4689r2021-11-05v33.25w1973-04-23yBKGRs. 33.25